MDQL
is popping MORE tags! Check the
thread
!
Quizzes
Events
Quiz Creation
Community
Videos
Private Events
Remove Ads
Sign In
Join for FREE
Feedback
Dark Mode
Quiz Categories
Sports
Geography
Music
Movies
Television
Just For Fun
Miscellaneous
History
Literature
Language
Science
Gaming
Entertainment
Religion
Holiday
For Kids
Quiz Lab
Recent
Popular Today
Quiz Kudos Today
Editor Picks
Curator Picks
Quizzes by...
Day
Popularity
Type
Ratings
Length
Year
Community
Subscriptions
Recent Discussions
Orange Saloon
Badges
Playlists
Quests
Create
Leaderboards
Showdown
Live 5
Trivia Bingo
Activity
Puzzle Library
Sporcle Events
Private Events
Virtual Trivia
Globe League
Become a Host
Pub Owners
SporcleCon
Opinionation
Our Games
Videos
Blog
Mobile Apps
Partnerships
Remove Ads and Go Orange
Feedback
Music
Pop Music
The Beatles
Song
Album
Lyrics
Bands
Singers
Artist
Clip
Rock
Rap
Classical
Billboard
Country Music
Kpop
Taylor Swift
Music
Pop Music
The Beatles
Song
Album
Lyrics
Bands
Singers
Artist
Clip
Rock
Rap
Classical
Billboard
Country Music
Kpop
Taylor Swift
Random Quiz
Search Sporcle
×
Quiz Lab
Quiz Lab
Music
Album
Type in answers that appear in a list
Type in answers that appear in a list
Classic
Best Score? Go Orange.
Paul McCartney Studio Albums Stats
Can you name the Paul McCartney Studio Albums Solo and with the Wings?
By
Sgtpepper98
9m
23 Questions
224 Plays
224 Plays
224 Plays
Comments
Comments
Give Quiz Kudos
Give Quiz Kudos
-
- Ratings
hide this ad
Replay
Link that replays current quiz
Next Quiz
Link to next quiz in quiz playlist
You Got
0%
They Got
Avg Score
73%
Avg Friend Score
Upgrade to see
Score Distribution
Jump to the score distribution portion of the page
Score
0/23
Timer
09:00
0
Plays Today
Year
Album
% Correct
1970
McCartney
96.4%
1973
Band on the Run
96.4%
1971
Ram
92%
1980
McCartney II
88.4%
1971
Wild Life
83.9%
1973
Red Rose Speedway
82.6%
1975
Venus and Mars
82.6%
1976
Wings at the Speed of Sound
80.8%
1982
Tug of War
80.4%
1983
Pipes of Peace
80.4%
1979
Back to the Egg
79.5%
1978
London Town
78.6%
Year
Album
% Correct
1997
Flaming Pie
73.2%
1986
Press to Play
72.8%
1989
Flowers in the Dirt
71.9%
2005
Chaos and Creation in the Backyard
71.4%
1984
Give My Regards to Broad Street
69.2%
2001
Driving Rain
65.2%
2007
Memory Almost Full
65.2%
1993
Off the Ground
63.8%
2012
Kisses on the Bottom
61.2%
1999
Run Devil Run
60.3%
1988
Choea e CCCP
4%
Quiz Playlist
Details
Report
Send in Message
Add To Playlist
Classic:
Type in answers that appear in a list
Last Updated: Feb 16, 2017
Quiz Scoreboard
CHALLENGE
Sign Up to Join the Scoreboard
Show All
Scores
Hide
Comments
May contain spoilers
Recently Published
5x2 Blitz: Bands
by SL_Kpop136
Music
30s
Colored Red Africa Blitz
by spor1
Geography
30s
Find the 'City' Movie
by crazypaving
Movies
60s
More to Explore
Quiz From the Vault
Featured Blog Post
14 Easter Pick-up Lines to Find Eggs With
hide this ad
You Might Also Like...
Tags
Album Quiz
Paul McCartney
Studio Albums
Today's Top Quizzes in Music
Browse Music
hide this ad
Today's Top Quizzes in Album
Browse Album
Top Contributed Quizzes in Music
1
5X2 Blitz: Bands II
2
Taylor Swift Logic Puzzle II
3
Taylor Swift All Songs (2024)
4
5X2 Blitz: The Beatles
5
5X2 Blitz: Billboard
6
5X2 Blitz: Singers
7
5X2 Blitz: Album
8
5X2 Blitz: Rock
9
Music Artist by Three 2010s hits
10
5X2 Blitz: Billboard II
Explore More
Trending Topics
NBA
Crossword
Anime
Harry Potter
Disney
Marvel
Kpop
Soccer
The Office
WWE
Pokémon
Puzzle
Country
Song
NFL
hide this ad
More By:
Sgtpepper98
Quiz
Plays
Rating
Category
Featured
Created
the Beatles A Day In the Life Lyrics
5,044
4.69
Music
Apr 17, 2012
the Beatles I Want to Hold Your Hand Lyrics
2,066
4.67
Music
Apr 21, 2012
Panic! At the Disco songs by first lyrics
1,936
5.00
Music
Feb 11, 2019
Follow the Jurassic Park Quotes
1,919
4.33
Movies
May 1, 2013
The Beatles She Loves You Lyrics
1,822
4.14
Music
Jun 26, 2012
Go to Creator's Profile
Score Distribution
Quiz Creator Spotlight
Sgtpepper98
Follow
Send a Message
Quizzes Created
-
Created Quiz Play Count
-
More By This Creator
Popular Quizzes Today
1
Find the 'City' Movie
2
Colored Red Africa Blitz
3
Find the US States - No Outlines Minefield
4
5x2 Blitz: Bands
5
The Countries of the World
6
Find the US States
7
US States
8
9x9 Crossword: Cartoon Network
More Music Quizzes
Remove the Composers!
Published
Trending Quizzes
Colored Red Europe Blitz I
Colored Red Africa Blitz II
Colored Red Europe Blitz II
Colored Red Europe Blitz III
Colored Red Africa Blitz III
Recently Updated
Famous TV Couples
Peacemaker
Champions League XIs: Real Madrid
pecheneg
Largest US Cities 1790-2010
pecheneg
Rides in Walt Disney World
pecheneg
Most Oscar Losses (Acting)
pecheneg
Beyoncé Albums
pecheneg
Leaping Animals
pecheneg
Reality TV Shows (A-Z)
bhenderson79
Rickey Henderson's Hall of Fame Teammates
pecheneg
Champions League XIs: Arsenal
pecheneg
Trending Topics
Crossword
Marvel
Harry Potter
NBA
Anime
Disney
Kpop
Song
Soccer
Puzzle
Country
WWE
NFL
The Office
Pokémon
Your Account Isn't Verified!
In order to create a playlist on Sporcle, you need to verify the email address you used during registration. Go to your
Sporcle Settings
to finish the process.
Report this User
Report this user for behavior that violates our
Community Guidelines
.
Details:
Send Report
Go to the Sporcle.com Mobile Site →
Comments